[Event "Reykjavik Open 2026"]
[Site "Reykjavik ISL"]
[Date "2026.03.26"]
[Round "3.13"]
[White "Kurmann, Oliver"]
[Black "Razafindratsima, Timothe"]
[Result "0-1"]
[WhiteTitle "IM"]
[BlackTitle "IM"]
[WhiteElo "2382"]
[BlackElo "2504"]
[WhiteFideId "1308173"]
[BlackFideId "36069884"]
[EventDate "2026.03.25"]

1. e4 c5 2. Nf3 d6 3. d4 cxd4 4. Nxd4 Nf6 5. Nc3 a6 6. Be3 e5 7. Nf3 Qc7 8. a4
Be7 9. Be2 O-O 10. O-O b6 11. Qd3 Nbd7 12. Qc4 Qb8 13. Nd2 Nc5 14. Bxc5 Be6 15.
Bxd6 Qxd6 16. Qd3 Qb4 17. Bf3 Rac8 18. Nd5 Bxd5 19. exd5 Qxb2 20. Nc4 Qd4 21.
Qxd4 exd4 22. Nxb6 Rxc2 23. Rfc1 Rc3 24. Be2 a5 25. Bb5 Rd8 26. Nc4 Nxd5 27.
Nxa5 d3 28. Nc6 Rxc1+ 29. Rxc1 d2 30. Nxe7+ Kf8 31. Ra1 Nc3 0-1

[Event "Reykjavik Open 2026"]
[Site "Reykjavik ISL"]
[Date "2026.03.26"]
[Round "3.14"]
[White "Ajay Krishna, S"]
[Black "Magold, Filip"]
[Result "0-1"]
[WhiteTitle "IM"]
[BlackTitle "IM"]
[WhiteElo "2354"]
[BlackElo "2484"]
[WhiteFideId "5096430"]
[BlackFideId "1254456"]
[EventDate "2026.03.25"]

1. d4 Nf6 2. Nf3 e6 3. e3 b6 4. Bd3 Bb7 5. Nbd2 c5 6. O-O cxd4 7. exd4 Be7 8. c3
O-O 9. a4 a6 10. h3 d6 11. Qe2 Nbd7 12. Re1 Re8 13. Nf1 Bf8 14. Bg5 Qc8 15. N3h2
h6 16. Bh4 Nd5 17. Bg3 Bc6 18. Bc2 Qb7 19. Qd3 N5f6 20. f3 b5 21. a5 b4 22. c4
g6 23. b3 h5 24. Nd2 d5 25. Kh1 Bh6 26. Qe2 Rad8 27. Qf2 Bg7 28. Rad1 Qa7 29. f4
Rc8 30. Nhf3 dxc4 31. Nxc4 Bxf3 32. Qxf3 Red8 33. Bb1 Nb8 34. Bf2 Nd5 35. Bh4
Rd7 36. Ne5 Rc3 37. Rd3 Rdc7 38. Qe4 Rxd3 39. Bxd3 Nc3 40. Qe3 Nc6 41. Nxg6 Qxd4
42. Qg3 Nd5 43. Re4 Qa1+ 44. Kh2 Nd4 45. Re1 Qc3 46. Ne5 Qd2 47. f5 Rc3 48. fxe6
Nxe6 49. Rf1 Qe3 50. Rxf7 Qxg3+ 51. Bxg3 Bxe5 52. Rf3 Ng5 0-1

[Event "Reykjavik Open 2026"]
[Site "Reykjavik ISL"]
[Date "2026.03.26"]
[Round "3.15"]
[White "Nedin, Danylo"]
[Black "Krishay Jain"]
[Result "0-1"]
[WhiteElo "1909"]
[BlackElo "2097"]
[WhiteFideId "14195887"]
[BlackFideId "25129597"]
[EventDate "2026.03.25"]

1. b3 e5 2. Bb2 Nc6 3. c4 f5 4. e3 Nf6 5. Nf3 e4 6. Nd4 Nxd4 7. Bxd4 b6 8. Be2
Bb7 9. f4 exf3 10. Bxf3 Ne4 11. O-O Bd6 12. Bxe4 Qh4 13. Rxf5 Bxh2+ 14. Kf1 Bxe4
15. Qh5+ Qxh5 16. Rxh5 Bd3+ 0-1

[Event "Reykjavik Open 2026"]
[Site "Reykjavik ISL"]
[Date "2026.03.26"]
[Round "3.16"]
[White "Erdmann, Stefan"]
[Black "Todmunkh, Turbat"]
[Result "1-0"]
[WhiteElo "2097"]
[BlackElo "1880"]
[WhiteFideId "4663470"]
[BlackFideId "4925084"]
[EventDate "2026.03.25"]

1. d4 Nf6 2. Nf3 g6 3. c4 Bg7 4. Nc3 O-O 5. g3 d6 6. Bg2 c5 7. d5 e6 8. O-O exd5
9. cxd5 Re8 10. Nd2 a6 11. a4 Nbd7 12. h3 Rb8 13. Nc4 Ne5 14. Nxe5 Rxe5 15. Bf4
Re8 16. a5 Nh5 17. Bd2 f5 18. e3 b5 19. axb6 Qxb6 20. Qa4 Qd8 21. Qc2 Qb6 22.
Qa4 Qd8 23. Qc2 Nf6 24. Ne2 Ne4 25. Bc3 Nxc3 26. bxc3 g5 27. Rfb1 Rb5 28. Rxb5
axb5 29. Ra8 Qd7 30. Qb1 Qb7 31. Ra5 Bd7 32. Qa2 Qc8 33. Ra6 Bf8 34. Bf3 Be7 35.
Ra7 Bf6 36. Kh2 Rf8 37. Bg2 Rd8 38. Ra6 Qb8 39. Qa5 Be8 40. Nc1 Be7 41. Nb3 Qc8
42. Ra7 Kf8 43. Bf1 Qb8 44. Qa6 b4 45. Nxc5 bxc3 46. Ne6+ Kg8 47. Rxe7 Rc8 48.
Rb7 Qa8 49. Qxd6 Bb5 50. Rg7+ Kh8 51. Qe5 1-0

[Event "Reykjavik Open 2026"]
[Site "Reykjavik ISL"]
[Date "2026.03.26"]
[Round "3.17"]
[White "Marsh, James J"]
[Black "Helgadottir, Idunn"]
[Result "1-0"]
[BlackTitle "WCM"]
[WhiteElo "2096"]
[BlackElo "1831"]
[WhiteFideId "30975751"]
[BlackFideId "2314118"]
[EventDate "2026.03.25"]

1. d4 d5 2. c4 e6 3. Nc3 Nf6 4. cxd5 exd5 5. Bg5 c6 6. e3 Bd6 7. Bd3 O-O 8. Nf3
Re8 9. O-O h6 10. Bh4 Be6 11. Ne5 c5 12. Rc1 Nc6 13. Nxc6 bxc6 14. dxc5 Bxh2+
15. Kxh2 Ng4+ 16. Qxg4 Bxg4 17. Bxd8 Raxd8 18. Be2 Bf5 19. Rfd1 Rb8 20. b3 Re6
21. Bf3 g5 22. Rd4 Rbe8 23. Ra4 R8e7 24. Ne2 Rg6 25. Nd4 Bc8 26. g4 Rf6 27. Kg3 1-0

[Event "Reykjavik Open 2026"]
[Site "Reykjavik ISL"]
[Date "2026.03.26"]
[Round "3.18"]
[White "Hardarson, Jon Trausti"]
[Black "McCallum, Elliot"]
[Result "1/2-1/2"]
[WhiteTitle "CM"]
[WhiteElo "2071"]
[BlackElo "1812"]
[WhiteFideId "2302594"]
[BlackFideId "2645718"]
[EventDate "2026.03.25"]

1. d4 d5 2. c4 c6 3. cxd5 cxd5 4. Nc3 Nf6 5. Nf3 Nc6 6. Bf4 a6 7. Ne5 e6 8. e3
Bd6 9. Bd3 O-O 10. a3 Qc7 11. Nxc6 Bxf4 12. exf4 bxc6 13. Qd2 c5 14. dxc5 Qxc5
15. O-O Bb7 16. Rac1 Qd6 17. Be4 Rfd8 18. Bf3 Qe7 19. Qd4 Rac8 20. Qa7 Rc7 21.
Ne2 Rdc8 22. g3 Rxc1 23. Rxc1 Rxc1+ 24. Nxc1 Qc7 25. Nd3 Nd7 26. Qd4 h6 27. b4
Bc6 28. Qc3 Qb6 29. Ne5 Nxe5 30. fxe5 Bb7 31. Be2 d4 32. Qc5 Qd8 33. Bd3 Qd7 34.
f4 Qa4 35. Qxd4 Qd1+ 36. Kf2 Qd2+ 37. Kf1 Qd1+ 38. Kf2 Qd2+ 39. Kf1 Qd1+ 1/2-1/2

[Event "Reykjavik Open 2026"]
[Site "Reykjavik ISL"]
[Date "2026.03.26"]
[Round "3.19"]
[White "Magzumov, Damirali"]
[Black "Kamp, Aaron"]
[Result "1-0"]
[WhiteElo "1782"]
[BlackElo "2069"]
[WhiteFideId "13727117"]
[BlackFideId "16231120"]
[EventDate "2026.03.25"]

1. e4 c5 2. Nf3 d6 3. d4 cxd4 4. Nxd4 Nf6 5. Nc3 Nc6 6. Bg5 e6 7. f4 Be7 8. Nb3
h6 9. Bxf6 Bxf6 10. Qf3 a6 11. O-O-O Qc7 12. g4 Bd7 13. h4 O-O-O 14. Kb1 Kb8 15.
Bg2 Rc8 16. g5 Be7 17. Rhe1 hxg5 18. hxg5 Na7 19. Rd2 Nb5 20. Nxb5 Bxb5 21. Nd4
Bd7 22. a3 Qa5 23. Red1 Ba4 24. g6 fxg6 25. Nxe6 Bf6 26. e5 Bc6 27. Rd5 Bxd5 28.
Rxd5 Qa4 29. Rd2 Qc6 30. Qxc6 bxc6 31. exf6 gxf6 32. Rxd6 Kb7 33. Nc5+ Kb6 34.
b4 Rh2 35. Be4 f5 36. Bd3 Rf2 37. Rxg6 Rxf4 38. Rg7 1-0

[Event "Reykjavik Open 2026"]
[Site "Reykjavik ISL"]
[Date "2026.03.26"]
[Round "3.20"]
[White "Bedard, Maxime"]
[Black "Dimitrijevic, Aleksandra"]
[Result "0-1"]
[BlackTitle "WGM"]
[WhiteElo "1768"]
[BlackElo "2063"]
[WhiteFideId "2632896"]
[BlackFideId "929239"]
[EventDate "2026.03.25"]

1. e4 c5 2. Nc3 e6 3. Nf3 Nc6 4. Bb5 Nd4 5. Nxd4 cxd4 6. Ne2 Qg5 7. Bd3 Qxg2 8.
Rf1 Qxh2 9. Nxd4 a6 10. c3 Nf6 11. Bc2 Qc7 12. Nf3 d6 13. d4 e5 14. d5 Bg4 15.
Qd3 Be7 16. Bd2 Rc8 17. Rg1 h5 18. Bg5 g6 19. a4 Bxf3 20. Qxf3 Ng4 21. Bxe7 Kxe7
22. Qe2 Qb6 23. O-O-O Qxf2 24. Rde1 Qxe2 25. Rxe2 Rhf8 26. Rf1 f6 27. Bd3 Rf7
28. Kd2 Rcf8 29. b4 f5 30. c4 fxe4 31. Rxf7+ Kxf7 32. Bxe4 Nf6 33. Bh1 Rc8 34.
Kd3 b6 35. Rb2 Rc7 36. c5 dxc5 37. bxc5 Rxc5 38. d6 Nd7 39. Bb7 a5 40. Ke4 Ke6 0-1

[Event "Reykjavik Open 2026"]
[Site "Reykjavik ISL"]
[Date "2026.03.26"]
[Round "3.21"]
[White "Digernes, Magnus"]
[Black "Ernisson, Petur Ulfar"]
[Result "0-1"]
[WhiteElo "2047"]
[BlackElo "1738"]
[WhiteFideId "1514873"]
[BlackFideId "2326116"]
[EventDate "2026.03.25"]

1. d4 Nf6 2. Nf3 g6 3. Bg5 Bg7 4. Nc3 d5 5. e3 O-O 6. Be2 c5 7. O-O Ne4 8. Nxe4
dxe4 9. Nd2 h6 10. Bf4 g5 11. Bg3 cxd4 12. exd4 Bxd4 13. c3 Bg7 14. Nxe4 f5 15.
Bxb8 Rxb8 16. Qb3+ Kh8 17. Nc5 Qd6 18. Nd3 Be6 19. Qc2 f4 20. Rad1 Bf5 21. Qa4
f3 22. Bxf3 Bxd3 23. Be4 Qa6 24. Qxa6 Bxa6 25. Rfe1 Rbd8 26. Bf3 Bf6 27. h3 e5
28. Kh2 Rxd1 29. Rxd1 Rd8 30. Re1 Rd2 31. Kg3 b6 32. Kg4 Bd3 33. Re3 Bg6 34. c4
Rxf2 35. Ra3 e4 0-1

[Event "Reykjavik Open 2026"]
[Site "Reykjavik ISL"]
[Date "2026.03.26"]
[Round "3.22"]
[White "Lagarde, Maxime"]
[Black "Balabayeva, Xeniya"]
[Result "1-0"]
[WhiteTitle "GM"]
[BlackTitle "WGM"]
[WhiteElo "2618"]
[BlackElo "2365"]
[WhiteFideId "662399"]
[BlackFideId "13719688"]
[EventDate "2026.03.25"]

1. e4 e5 2. Nf3 Nc6 3. Bc4 Nf6 4. d3 Be7 5. Nc3 d6 6. a3 O-O 7. Be3 Be6 8. Nd5
a5 9. Ba2 a4 10. h3 Bd7 11. O-O Nxd5 12. exd5 Na5 13. b4 axb3 14. cxb3 b5 15. b4
Nb7 16. Qc2 Qc8 17. Bb1 f5 18. Bg5 Bd8 19. Rc1 h6 20. Bxd8 Qxd8 21. Qb3 g5 22.
Ra2 Rc8 23. Rac2 h5 24. d4 e4 25. Nd2 Re8 26. Nf1 f4 27. Re2 Qf6 28. Bxe4 Qxd4
29. Qf3 Kg7 30. Rce1 Kh6 31. Nh2 Qf6 32. g4 h4 33. Bf5 Rxe2 34. Rxe2 Rd8 35.
Bxd7 Qa1+ 36. Kg2 Rxd7 37. Re6+ Kg7 38. Qd3 Rf7 39. Nf3 Nd8 40. Rg6+ Kf8 41.
Rxg5 Qc1 42. Rh5 Qc4 43. Qg6 Ke7 44. Qg5+ 1-0

[Event "Reykjavik Open 2026"]
[Site "Reykjavik ISL"]
[Date "2026.03.26"]
[Round "3.23"]
[White "Amar, Elham"]
[Black "Guo, Ethan"]
[Result "1-0"]
[WhiteTitle "GM"]
[BlackTitle "FM"]
[WhiteElo "2581"]
[BlackElo "2364"]
[WhiteFideId "1533533"]
[BlackFideId "30976359"]
[EventDate "2026.03.25"]

1. e4 c5 2. Nf3 d6 3. d4 cxd4 4. Nxd4 Nf6 5. Nc3 a6 6. Nb3 g6 7. Be3 Bg7 8. Qd2
Nc6 9. f3 h5 10. Be2 Bd7 11. O-O Rc8 12. Na4 Rb8 13. Nb6 Be6 14. c4 Nd7 15. Nd5
b6 16. Kh1 O-O 17. Bh6 Nc5 18. Bxg7 Kxg7 19. Nd4 Bd7 20. Nxc6 Bxc6 21. b4 Nd7
22. Rad1 Re8 23. f4 e5 24. f5 Bxd5 25. Qxd5 Nf6 26. Qd3 Qe7 27. Qe3 Rb7 28. h3
Ra8 29. Rf2 Nh7 30. Rdf1 Qh4 31. c5 dxc5 32. bxc5 b5 33. Bd1 Ng5 34. fxg6 fxg6
35. Bb3 Rc7 36. Bd5 Re8 37. c6 Ree7 38. Kg1 Ne6 39. Qf3 Rf7 40. Qxf7+ 1-0

[Event "Reykjavik Open 2026"]
[Site "Reykjavik ISL"]
[Date "2026.03.26"]
[Round "3.24"]
[White "Soderstrom, Adrian"]
[Black "Andersen, Mads"]
[Result "0-1"]
[WhiteTitle "FM"]
[BlackTitle "GM"]
[WhiteElo "2374"]
[BlackElo "2562"]
[WhiteFideId "1745786"]
[BlackFideId "1413864"]
[EventDate "2026.03.25"]

1. e4 c5 2. Nf3 d6 3. d4 cxd4 4. Nxd4 Nf6 5. Nc3 a6 6. Bg5 Nbd7 7. Qe2 Qa5 8.
Bd2 h5 9. O-O-O b5 10. Kb1 Qb6 11. Be3 Qb7 12. Nb3 e6 13. a3 Nxe4 14. Nxe4 Qxe4
15. Rg1 Rb8 16. g3 Bb7 17. Na5 Ba8 18. Rd4 Qf5 19. f4 Rc8 20. h3 Be7 21. g4 hxg4
22. hxg4 Qh7 23. a4 Be4 24. Rd2 Bd8 25. Nb3 bxa4 26. Nd4 Ba5 27. Qxa6 Bxd2 28.
Bxd2 Bxc2+ 29. Ka1 O-O 30. Qxd6 Nc5 31. Nc6 Rxc6 32. Qxc6 Nb3+ 33. Ka2 Nxd2 34.
f5 Bb3+ 35. Ka1 Bd5 36. Qc2 Qh2 0-1

[Event "Reykjavik Open 2026"]
[Site "Reykjavik ISL"]
[Date "2026.03.26"]
[Round "3.25"]
[White "Xiao, Tong(QD)"]
[Black "Spitzl, Vinzent"]
[Result "1-0"]
[WhiteTitle "GM"]
[BlackTitle "FM"]
[WhiteElo "2555"]
[BlackElo "2356"]
[WhiteFideId "8622388"]
[BlackFideId "12901253"]
[EventDate "2026.03.25"]

1. c4 e6 2. Nf3 d5 3. e3 Nf6 4. b3 Be7 5. Bb2 O-O 6. Nc3 b6 7. cxd5 exd5 8. g3
Re8 9. Bg2 Bb7 10. O-O Nbd7 11. Rc1 a6 12. d4 Bd6 13. Ne2 Qe7 14. Nf4 Ne4 15.
Re1 a5 16. Qc2 Ndf6 17. Nd3 c6 18. Nh4 g6 19. Nf3 Rec8 20. Nfe5 c5 21. dxc5 bxc5
22. f3 c4 23. bxc4 dxc4 24. Nxc4 Bd5 25. fxe4 Rxc4 26. Bxf6 Qxf6 27. Qd1 Rxe4
28. Nf2 Rae8 29. Qxd5 Rxe3 30. Ne4 1-0

[Event "Reykjavik Open 2026"]
[Site "Reykjavik ISL"]
[Date "2026.03.26"]
[Round "3.26"]
[White "Tiglon, Bryce"]
[Black "Brzezina, Piotr"]
[Result "1-0"]
[WhiteTitle "GM"]
[BlackTitle "FM"]
[WhiteElo "2550"]
[BlackElo "2328"]
[WhiteFideId "2087456"]
[BlackFideId "21078874"]
[EventDate "2026.03.25"]

1. e4 e5 2. Nf3 Nc6 3. Bb5 a6 4. Ba4 Nge7 5. c3 Ng6 6. d4 exd4 7. cxd4 Bb4+ 8.
Bd2 O-O 9. d5 Bxd2+ 10. Qxd2 Nce5 11. Nxe5 Nxe5 12. O-O b5 13. Bb3 a5 14. f4 a4
15. Bc2 Nc4 16. Qd4 c6 17. d6 Qb6 18. Qxb6 Nxb6 19. e5 Ra5 20. a3 c5 21. Nd2 Bb7
22. Be4 Bxe4 23. Nxe4 Rc8 24. Rac1 b4 25. Rf2 bxa3 26. bxa3 Rb5 27. Rfc2 c4 28.
Nd2 f6 29. exf6 gxf6 30. Nxc4 Rbc5 31. Ne3 Rxc2 32. Rxc2 Rxc2 33. Nxc2 Kf7 34.
Kf2 Ke6 35. Ke3 Nd5+ 36. Ke4 Kxd6 37. g4 Kc5 38. h4 Ne7 39. h5 h6 40. Ne3 d5+
41. Kd3 Kd6 42. Nd1 Nc6 43. Nb2 Na7 44. Kc3 Nb5+ 45. Kb4 Nd4 46. Nd3 Ne6 47.
Kxa4 d4 48. Kb4 Kd5 49. a4 Ke4 50. Kc4 Kf3 51. a5 Kxg4 52. a6 Nc7 53. a7 Kf5 54.
Kc5 Ke6 55. Kc6 Na8 56. Nc5+ Ke7 57. Kb7 Kd8 58. Kxa8 Kc8 59. f5 1-0

[Event "Reykjavik Open 2026"]
[Site "Reykjavik ISL"]
[Date "2026.03.26"]
[Round "3.27"]
[White "Wang, Qibiao"]
[Black "Maze, Sebastien"]
[Result "1-0"]
[BlackTitle "GM"]
[WhiteElo "2332"]
[BlackElo "2530"]
[WhiteFideId "8604282"]
[BlackFideId "613762"]
[EventDate "2026.03.25"]

1. e4 c5 2. Nf3 a6 3. c3 d5 4. exd5 Qxd5 5. Na3 Nc6 6. Nc4 Qd8 7. a4 Nf6 8. Be2
g6 9. O-O Bg7 10. d3 Be6 11. a5 Bxc4 12. dxc4 Qc7 13. Qa4 Nd7 14. Be3 h6 15.
Rfd1 O-O 16. Qa3 Nd8 17. Rd5 Ne6 18. Rad1 Nf6 19. Rxc5 Nxc5 20. Qxc5 Qxc5 21.
Bxc5 Rfe8 22. Bb6 e5 23. c5 e4 24. Nd2 Re7 25. Nc4 Bf8 26. Bd8 e3 27. fxe3 Re6
28. Nb6 Rxd8 29. Rxd8 Kg7 30. b4 Rxe3 31. Bf3 Rxc3 32. Bxb7 Ng4 33. Kf1 Be7 34.
Rd7 Bxc5 35. bxc5 Rxc5 36. Rd4 Rxa5 37. Rxg4 Rb5 38. Bxa6 Rxb6 39. Be2 h5 40.
Rc4 Rb7 41. Kf2 Re7 42. Bf3 Re5 43. Rc7 Kf8 44. h3 Kg7 45. Be2 Rf5+ 46. Ke3 Rg5
47. g4 hxg4 48. hxg4 Re5+ 49. Kf3 Re6 50. Bc4 Rf6+ 51. Ke4 g5 52. Ke5 Rf4 53.
Be6 Rf1 54. Bf5 Re1+ 55. Kd6 Kf6 56. Kd7 Kg7 57. Rb7 Kf8 58. Rb8+ Kg7 59. Rb5
Kh6 60. Kd8 Re2 61. Rb4 Kg7 62. Re4 Ra2 63. Ke7 Ra7+ 64. Bd7 Ra5 65. Rb4 Re5+
66. Kd6 Re1 67. Rb5 Kg6 68. Re5 Rd1+ 69. Ke7 Rd4 70. Bf5+ Kg7 71. Be4 f6 72. Re6
Ra4 73. Bf5 Ra7+ 74. Kd8 Ra8+ 75. Kc7 Ra7+ 76. Kb8 Rf7 77. Rc6 Kh6 78. Rc8 Kg7
79. Re8 1-0

[Event "Reykjavik Open 2026"]
[Site "Reykjavik ISL"]
[Date "2026.03.26"]
[Round "3.28"]
[White "Suleymenov, Alisher"]
[Black "Kurmangaliyeva, Liya"]
[Result "1-0"]
[WhiteTitle "GM"]
[BlackTitle "FM"]
[WhiteElo "2523"]
[BlackElo "2319"]
[WhiteFideId "13707833"]
[BlackFideId "13725831"]
[EventDate "2026.03.25"]

1. d4 d5 2. c4 e6 3. Nf3 Nf6 4. g3 Bb4+ 5. Bd2 Be7 6. Bg2 O-O 7. O-O c6 8. Bf4
a5 9. Nc3 dxc4 10. Ne5 Nd5 11. Nxc4 Nxf4 12. gxf4 Bd7 13. e3 f6 14. Qb3 b5 15.
Nd2 a4 16. Qc2 Na6 17. a3 Rc8 18. Rad1 Qb6 19. Nde4 Rfd8 20. Ng3 Bf8 21. Kh1 Kh8
22. Rg1 Qb8 23. Qe2 c5 24. d5 c4 25. Nge4 b4 26. axb4 Nxb4 27. dxe6 Bxe6 28.
Nxa4 Nd3 29. Rd2 Bd5 30. Nac3 Bc6 31. Qg4 Qb6 32. Re2 Rb8 33. Qe6 Be8 34. Qxc4
Rbc8 35. Qa2 Nb4 36. Qb1 Bg6 37. Rd1 Re8 38. Red2 Qe6 39. Rd4 Qb3 40. Qc1 Nc6
41. Rd7 Nb8 42. Nd2 Qe6 43. Rb7 Bd3 44. Nf3 Be4 45. Nd4 Bxg2+ 46. Kxg2 Qg4+ 47.
Kh1 Rcd8 48. Rg1 Qc8 49. Rb5 Na6 50. Na4 Nc7 51. Rb6 Qd7 52. Qc6 Qf7 53. Rb7
Qd5+ 54. Qxd5 Nxd5 55. Rd1 Nxf4 56. exf4 Re4 57. Rf7 Kg8 58. Rxf8+ Rxf8 59. Nc5
Re7 60. Nde6 Rfe8 61. f5 Rb8 62. b4 g6 63. Nd7 Rxb4 64. Nxf6+ Kf7 65. Nxh7 gxf5
66. Nd8+ Ke8 67. Nf6+ Kf8 68. Nc6 1-0

[Event "Reykjavik Open 2026"]
[Site "Reykjavik ISL"]
[Date "2026.03.26"]
[Round "3.29"]
[White "Holinka, Henning"]
[Black "Chasin, Nico"]
[Result "0-1"]
[WhiteTitle "FM"]
[BlackTitle "IM"]
[WhiteElo "2324"]
[BlackElo "2523"]
[WhiteFideId "12967084"]
[BlackFideId "30908477"]
[EventDate "2026.03.25"]

1. e4 e5 2. Nf3 Nc6 3. Bc4 Nf6 4. d3 h6 5. O-O d6 6. c3 g6 7. Re1 Bg7 8. d4 Bg4
9. dxe5 Nxe5 10. Be2 Bxf3 11. Bxf3 O-O 12. Bf4 Re8 13. Bxe5 Rxe5 14. Nd2 Qe8 15.
Nc4 Re6 16. e5 dxe5 17. Bxb7 Rd8 18. Qe2 e4 19. Red1 Rxd1+ 20. Rxd1 Qb5 21. Bc8
Re8 22. Bh3 Nd5 23. a4 Qc5 24. g3 c6 25. Ne3 Nxe3 26. Qxe3 Qh5 27. g4 Qa5 28.
Rd7 Qxa4 29. Qxa7 Qb3 30. Qa3 Qc4 31. Qd6 Be5 32. Qd2 Bf6 33. Bf1 Qe6 34. h3 e3
35. fxe3 Bg5 36. Qd3 Bxe3+ 37. Kg2 Bb6 38. Rb7 Rd8 39. Qe2 Be3 40. Qf3 Rd2+ 41.
Be2 Bb6 42. Rxb6 Rxe2+ 43. Kf1 Re3 44. Rb8+ Kg7 45. Qd1 c5 46. Rd8 Qe4 47. Rd2
Rxh3 48. Rg2 Rh1+ 49. Rg1 Qf4+ 0-1

[Event "Reykjavik Open 2026"]
[Site "Reykjavik ISL"]
[Date "2026.03.26"]
[Round "3.30"]
[White "Wadsworth, Matthew J"]
[Black "Ruiz Buendia, Miguel"]
[Result "1-0"]
[WhiteTitle "GM"]
[BlackTitle "FM"]
[WhiteElo "2522"]
[BlackElo "2279"]
[WhiteFideId "415804"]
[BlackFideId "24537675"]
[EventDate "2026.03.25"]

1. d4 d5 2. c4 c6 3. Nf3 Nf6 4. g3 g6 5. Bg2 Bg7 6. O-O O-O 7. a4 Be6 8. Nc3
dxc4 9. e4 Na6 10. h3 Nb4 11. Be3 a5 12. Qe2 h6 13. Rfd1 Qc7 14. Rac1 Nd3 15.
Rb1 Nb4 16. Kh2 Rfd8 17. Ne5 Rac8 18. Rbc1 Nd3 19. Nxd3 cxd3 20. Qxd3 Qd7 21. d5
cxd5 22. exd5 Bf5 23. Qd2 Qd6 24. Bxh6 Bxh6 25. Qxh6 Qb4 26. Rd2 Ne4 27. Bxe4
Bxe4 28. Qe3 Bf5 29. Re1 Re8 30. Ree2 Bd7 31. Qh6 Rc4 32. d6 e6 33. f3 Rxc3 34.
bxc3 Qxc3 35. Re4 Rc8 36. Rh4 Qg7 37. Qg5 Qc3 38. Rg2 Re8 39. Rf4 Bc6 40. h4 Kg7
41. h5 Rh8 42. g4 Be8 43. Re4 Qxf3 44. Rf4 Qc6 45. Rd2 Qc3 46. Rdf2 Qd3 47. Qf6+
Kh7 48. Rd4 Qe3 49. d7 1-0

[Event "Reykjavik Open 2026"]
[Site "Reykjavik ISL"]
[Date "2026.03.26"]
[Round "3.31"]
[White "Yu, Jennifer"]
[Black "Prraneeth, Vuppala"]
[Result "1-0"]
[WhiteTitle "FM"]
[BlackTitle "GM"]
[WhiteElo "2299"]
[BlackElo "2515"]
[WhiteFideId "2078341"]
[BlackFideId "46622373"]
[EventDate "2026.03.25"]

1. c4 e6 2. Nc3 d5 3. d4 a6 4. cxd5 exd5 5. Nf3 Nc6 6. Bf4 Be6 7. e3 Bd6 8. Bxd6
Qxd6 9. Bd3 Nge7 10. O-O h6 11. Rc1 O-O 12. a3 Bg4 13. h3 Bh5 14. b4 Kh8 15. Re1
f5 16. Be2 Rae8 17. b5 axb5 18. Nxb5 Qd8 19. Ne5 Bxe2 20. Qxe2 Kh7 21. f4 Ng6
22. Qd3 Re6 23. Rc5 Nh4 24. Re2 Rff6 25. Rec2 Nxe5 26. dxe5 Rg6 27. Nd4 Rb6 28.
Kh2 Rb1 29. g3 c6 30. Rc1 Rb6 31. Rf1 Qe7 32. Qc2 Ra6 33. gxh4 Qxh4 34. Nxf5 Qd8
35. Nd6 Rxa3 36. Rg1 1-0

[Event "Reykjavik Open 2026"]
[Site "Reykjavik ISL"]
[Date "2026.03.26"]
[Round "3.32"]
[White "Brodsky, David"]
[Black "Llari, Marc"]
[Result "1/2-1/2"]
[WhiteTitle "GM"]
[BlackTitle "FM"]
[WhiteElo "2505"]
[BlackElo "2300"]
[WhiteFideId "2073250"]
[BlackFideId "651044269"]
[EventDate "2026.03.25"]

1. e4 c6 2. d4 d5 3. e5 c5 4. c3 Nc6 5. Bb5 Qb6 6. Ba4 cxd4 7. cxd4 Bf5 8. Ne2
e6 9. O-O Ne7 10. Nbc3 Bg6 11. Ng3 h5 12. h4 Nf5 13. Nxf5 Bxf5 14. Bg5 Bb4 15.
a3 Bxc3 16. bxc3 Bg6 17. Bc2 Bxc2 18. Qxc2 Rc8 19. Rab1 Qa6 20. Qb3 Rc7 21. a4
Kd7 22. Qa3 Na5 23. Rb5 Kc8 24. Rfb1 Nc4 25. Qb4 Kb8 26. Be7 Rhc8 27. a5 Ka8 28.
Bc5 Nd2 29. Rc1 Ne4 30. c4 Nxc5 31. dxc5 d4 32. Rd1 Rd7 33. Rd3 Qc6 34. a6 Qxa6
35. Ra5 Qc6 36. Qa3 a6 37. f3 Rcd8 38. Qb4 Kb8 39. Qd2 Qc8 40. Rb3 Ka8 41. Rb6
Rc7 42. Rd6 f6 43. exf6 e5 44. fxg7 Rxg7 45. Rxd8 Qxd8 46. c6 Qf6 47. cxb7+ Kxb7
48. Qe2 d3 49. Qe4+ Qc6 50. Rd5 d2 51. Qxe5 Rd7 52. Qb2+ Kc7 53. Qxd2 Rxd5 54.
cxd5 Qc5+ 55. Kh1 a5 56. Qf4+ Kd7 57. Qf5+ Kd6 58. Qe6+ Kc7 59. Qe5+ Qd6 60.
Qxh5 a4 61. Qg4 a3 62. Qc4+ Kb6 63. g4 Qc5 64. Qb3+ Kc7 65. Kg2 Qc1 66. Kh3 Qh1+
67. Kg3 Qe1+ 68. Kf4 Qd2+ 69. Kf5 a2 70. d6+ Kxd6 71. Ke4 1/2-1/2

[Event "Reykjavik Open 2026"]
[Site "Reykjavik ISL"]
[Date "2026.03.26"]
[Round "3.33"]
[White "Balakrishnan, Praveen"]
[Black "Sivanandan, Bodhana"]
[Result "1-0"]
[WhiteTitle "GM"]
[BlackTitle "WIM"]
[WhiteElo "2496"]
[BlackElo "2268"]
[WhiteFideId "2064871"]
[BlackFideId "497592"]
[EventDate "2026.03.25"]

1. d4 d5 2. c4 c6 3. Nf3 Nf6 4. e3 Bg4 5. h3 Bxf3 6. Qxf3 e6 7. a3 Bd6 8. Nc3
O-O 9. g4 Nbd7 10. g5 Ne8 11. h4 f5 12. Qg2 b6 13. Bd2 Nc7 14. f4 Qe7 15. Be2
Rac8 16. Rc1 Rfd8 17. Kf2 Ne8 18. Rc2 Bb8 19. b4 dxc4 20. Bxc4 b5 21. Bd3 Nb6
22. Nd1 Nd5 23. Nb2 Nd6 24. Rhc1 Qd7 25. Qf3 Rf8 26. Kg2 a6 27. Be2 Ne4 28. Be1
Ne7 29. Nd3 Bd6 30. Ra1 Nd5 31. Nc1 Bb8 32. Nb3 Ne7 33. Rd1 Qd5 34. Rd3 Ba7 35.
Kf1 Nd6 36. Nd2 Ne4 37. Nb3 Nd6 38. Nd2 Ne4 39. Nb1 Nd6 40. Qg2 Qxg2+ 41. Kxg2
Nd5 42. Nd2 Rc7 43. Rb3 Bb6 44. Nf3 Nf7 45. Kf2 Ra8 46. Rb1 Kf8 47. Rbc1 Rac8
48. h5 Ke7 49. Bd3 Ke8 50. Ke2 Ne7 51. Bh4 Nd6 52. g6 hxg6 53. Bxe7 Kxe7 54.
hxg6 Ne8 55. Ne5 Kd6 56. Nf7+ Ke7 57. Ne5 Kd6 58. Kf3 Nf6 59. Nf7+ Ke7 60. Ne5
Kd6 61. Rh1 Ke7 62. Be2 Kd6 63. Bd3 Ke7 64. Be2 Kd6 65. Kf2 Nd5 66. Rh7 Nf6 67.
Rh1 Nd5 68. Bf3 Ba7 69. Rh7 Bb6 70. Rc1 Nf6 71. Rxc6+ Rxc6 72. Bxc6 Rg8 73. Ke2
Bc7 74. Kd3 Ke7 75. Rh1 Rc8 76. Bb7 Re8 77. Rc1 Bd6 78. Rc6 Rb8 79. Bc8 Nd5 80.
Nf7 Rb6 81. Rxb6 Nxb6 82. Bxa6 Bc7 83. Bxb5 Kf6 84. Ne5 Nd5 85. Be8 Ke7 86. Bc6
Nb6 87. a4 Nc8 88. a5 Na7 89. Ba4 Kd6 90. b5 Nc8 91. Nc4+ Ke7 92. b6 Bb8 93. a6
Nd6 94. a7 Bxa7 95. bxa7 Nxc4 96. Kxc4 Kf6 97. Be8 Ke7 98. a8=Q Kf8 99. Qd8 e5
100. Ba4# 1-0